000 00730nam a2200265Ia 4500
005 20260121171251.0
008 008 260114s9999 xx 000 0 eng d
020 _a9783030116057
037 _aEBOOK
040 _aCRL
040 _beng
040 _cCRL
041 _2eng
041 _aeng
084 _qCRL
100 _aSteven A. Murawski, Cameron H. Ainsworth, Sherryl Gilbert, David J. Hollander, Claire B. Paris, Michael Schlüter, Dana L. Wetzel
_91074114
245 0 _aDeep Oil Spills
260 _bSpringer
260 _bSpringer
260 _c2020
856 _uhttps://link.springer.com/openurl?genre=book&isbn=978-3-030-11605-7
942 _cEBOOK
999 _c1639844
_d1639844